000 00427nam a2200157 a 4500
001 000031886
005 20200930063245.0
008 110707s2004 dr 000 0 spa d
040 _aDO-SdBNP
_bspa
_cBNPHU
082 _axxx
_bJ82p
100 1 _aJorge , Luis
_958085
245 1 0 _aProverbios que dios me ha dado /
_cLuis Jorge.
260 _a[Santo Domingo] :
_b[S.l.] ,
_c[20--?].
300 _a55 p. ;
_c21 cm.
049 _aBNPD
999 _c31377
_d31377